| 000 | 00534nam a2200193 i 4500 | ||
|---|---|---|---|
| 001 | 40871 | ||
| 003 | ES-MaACL | ||
| 005 | 20230906160329.0 | ||
| 007 | t| | ||
| 008 | 030307s1899 it ||||1| ita d | ||
| 100 | 1 |
_aCappelli, Adriano. _934895 |
|
| 245 | 1 | 0 |
_aDizionario di abbreviature latine et italiane / _cAdriano Cappelli. |
| 260 |
_aMilano : _bA. Lombardi, _c1899. |
||
| 300 |
_aLXII, 433 p. ; _c15 cm. |
||
| 490 | 1 | _aManuali Hoepli | |
| 830 | 0 |
_aManuali Hoepli _9180782 |
|
| 852 |
_aES-MaACL _jD-2971 |
||
| 999 |
_c40871 _d40871 |
||